Múzeum vodnej dopravy, Bratislava - interiér

Salvato in:
Dettagli Bibliografici
Autore principale: Tomová, Michaela (Autore)
Altri autori: Kočlík, Dušan (Relatore della tesi)
Natura: Manoscritto Libro
Lingua:slovacco
Pubblicazione: Bratislava 2023
Soggetti:
Accesso online:http://is.stuba.sk/zp/portal_zp.pl?podrobnosti=171771
Tags: Aggiungi Tag
Nessun Tag, puoi essere il primo ad aggiungerne!!

MARC

LEADER 00000ntm a22000003a 4500
001 stuzp93951
003 SK-STU
005 20231010075603.4
007 ta
008 150427s2015----xo-----f-mn---000-0-slo-d
040 |a STU  |b slo 
041 0 |a slo 
100 1 |a Tomová, Michaela  |u 055150  |4 aut  |U FAD Fakulta architektúry a dizajnu  |T FAD Ústav interiéru a výstavníctva  |X 93654  |U A5150  |Y 396  |7 93654 
242 0 1 |a Museum of Water Transport, Bratislava - interior  |y eng 
245 1 0 |a Múzeum vodnej dopravy, Bratislava - interiér 
260 |c 2023  |a Bratislava 
650 4 |a interiérový dizajn  |2 slo 
650 4 |a múzeum  |2 slo 
650 4 |a vodná doprava  |2 slo 
650 4 |a zimný prístav  |2 slo 
650 4 |a interior design  |2 eng 
650 4 |a museum  |2 eng 
650 4 |a water transport  |2 eng 
650 4 |a winter port  |2 eng 
700 1 |a Kočlík, Dušan  |u 055150  |k Z1  |4 ths  |U FAD Fakulta architektúry a dizajnu  |T FAD Ústav interiéru a výstavníctva  |X 42575  |U A5150  |Y 396  |7 A000042575 
856 4 |u http://is.stuba.sk/zp/portal_zp.pl?podrobnosti=171771  |u https://opac.crzp.sk/?fn=detailBiblioForm&sid=1755732D0F093F4379A13EEAC795